00622nam a2200217 a 4500001001300000003000900013005001700022008004100039020001000080082001600090100002100106245003200127260004500159300000900204500003500213505001000248505007500258650002100333650002900354700002100383nice12345678IN_TiNIC20260116012221.0050524s1929 lona grp 000 0 eng  ac10000a181.4bRAD1 aRadhakrishnan, S aIndian Philosophy. Archives aLondonbGeorge Allen and Unwin Ltdc1929 a670p aincludes index and biblioraphy2 aIndex2 aIndex00gV1.tIndian Philosophy. Archives.--gV2.tIndian Philosophy.  aPhilosophy-Hindu aPhilosophy-Radhakrishnan1 aRadhakrishnan, S